Private sector strategies for social sector success: the guide to strategy and planning for public and nonprofit organizations (Record no. 395513)

000 -LEADER
fixed length control field 00621cam a22001697a 4500
008 - FIXED-LENGTH DATA ELEMENTS--GENERAL INFORMATION
fixed length control field 180718b2000 xxu||||| |||| 00| 0 eng d
020 ## - INTERNATIONAL STANDARD BOOK NUMBER
International Standard Book Number 0787941891
082 ## - DEWEY DECIMAL CLASSIFICATION NUMBER
Classification number B3 K214
100 ## - MAIN ENTRY--PERSONAL NAME
Personal name Kearns, Kevin P.
245 ## - TITLE STATEMENT
Title Private sector strategies for social sector success: the guide to strategy and planning for public and nonprofit organizations
Statement of responsibility, etc. by Kevin P. Kearns
260 ## - PUBLICATION, DISTRIBUTION, ETC.
Place of publication, distribution, etc. San Francisco
Name of publisher, distributor, etc. Jossey-Bass
Date of publication, distribution, etc. 2000
300 ## - PHYSICAL DESCRIPTION
Extent 344p.
440 ## - SERIES STATEMENT/ADDED ENTRY--TITLE
Title Jossey-Bass nonprofit and public management series
650 ## - SUBJECT ADDED ENTRY--TOPICAL TERM
Topical term or geographic name entry element Strategic planning.
650 ## - SUBJECT ADDED ENTRY--TOPICAL TERM
Topical term or geographic name entry element Public administration
650 ## - SUBJECT ADDED ENTRY--TOPICAL TERM
Topical term or geographic name entry element Nonprofit organizations --Management
Holdings
Withdrawn status Lost status Damaged status Not for loan Permanent Location Current Location Date acquired Full call number Barcode Date last seen Price effective from Koha item type
        Indian Institute of Public Administration Indian Institute of Public Administration 2001-02-05 B3 K214 76320 2018-07-21 2018-07-21 Book

Powered by Koha